Surprise me! : (Record no. 28973)

000 -LEADER
fixed length control field 00624cam a22001937a 4500
001 - CONTROL NUMBER
control field 12441502
005 - DATE AND TIME OF LATEST TRANSACTION
control field 20190202020035.0
008 - FIXED-LENGTH DATA ELEMENTS--GENERAL INFORMATION
fixed length control field 010614s1999 mdu 000 0 eng
010 ## - LIBRARY OF CONGRESS CONTROL NUMBER
LC control number 2001615903
020 ## - INTERNATIONAL STANDARD BOOK NUMBER
International Standard Book Number 0828014191
040 ## - CATALOGING SOURCE
Original cataloging agency DLC
Transcribing agency LCC
050 00 - LIBRARY OF CONGRESS CALL NUMBER
Classification number BV 4850 .S93 1993
100 1# - MAIN ENTRY--PERSONAL NAME
Personal name Swanson, Gary B.
245 10 - TITLE STATEMENT
Title Surprise me! :
Remainder of title meet the God you didn't expect /
Statement of responsibility, etc. Gary B. Swanson.
260 ## - PUBLICATION, DISTRIBUTION, ETC. (IMPRINT)
Place of publication, distribution, etc. Hagerstown, Md. :
Name of publisher, distributor, etc. Review and Herald,
Date of publication, distribution, etc. c1999.
300 ## - PHYSICAL DESCRIPTION
Extent 158 p. ;
Dimensions 23 cm.
650 ## - SUBJECT ADDED ENTRY--TOPICAL TERM
Topical term or geographic name as entry element Teenagers-prayerbook and devotions-english
906 ## - LOCAL DATA ELEMENT F, LDF (RLIN)
a 7
b cbc
c orignew
d 4
e ncip
f 20
g y-gencatlg
942 ## - ADDED ENTRY ELEMENTS (KOHA)
Source of classification or shelving scheme
Koha item type Hard Covered Materials
Classification part BV 4850 .S93 1993
Koha issues (borrowed), all copies 1
Holdings
Withdrawn status Lost status Source of classification or shelving scheme Damaged status Not for loan Home library Current library Shelving location Date acquired Source of acquisition Total Checkouts Full call number Barcode Date last seen Date last checked out Price effective from Koha item type
          MACHAKOS UNIVERSITY LIBRARY MACHAKOS UNIVERSITY LIBRARY Open shelf 29/08/2017 purchase 1 BV 4850 .S93 1993 4017 08/04/2021 01/02/2019 29/08/2017 Hard Covered Materials
© Machakos University Library, Along The Highway, Machakos Wote Rd, Machakos, Kenya P.O. Box 136 - 90100 Machakos - Kenya

Tel: ( +254 ) 723 805829 OR Fax : 044-20353 OR Email: library@mksu.ac.ke